| 000 | 00438nam a22001817a 4500 | ||
|---|---|---|---|
| 003 | MPLRDC | ||
| 005 | 20220104175146.0 | ||
| 008 | 210129b ||||| |||| 00| 0 eng d | ||
| 020 | _a967-68-0009-0 | ||
| 082 | _a524.947 CHE 1983 | ||
| 100 | _aSIEW FOOK CHEONG | ||
| 245 |
_aSPM MATEMATIK TAMBAHAN _c |
||
| 250 | _a第二版 | ||
| 260 |
_a _bPUSTAKA SENI (M) S/B _c1983 |
||
| 300 | _b平 | ||
| 650 | _a | ||
| 942 |
_cBK _o524.947 CHE 1983 |
||
| 999 |
_c60231 _d60221 |
||